Países de América del Sur sin mapa - Estadísticas

Estadísticas generales
  • Esta prueba ha sido intentada 73 veces
  • La puntuación promedio es 12 de 12
Estadísticas de respuestas
País % Correcto
Argentina
98%
Brasil
98%
Colombia
98%
Paraguay
98%
Uruguay
98%
Bolivia
97%
Chile
97%
Guyana
97%
Perú
97%
Venezuela
97%
Ecuador
95%
Surinam
95%
No se encontraron pruebas coincidentes
Distribución de puntuación
Porcentaje de gente con cada puntuación
Porcentaje por número respondido
Historial de tus puntuaciones
No has intentado esta prueba.